000 01493nam a2200349 c 4500
003 BLK
005 20240913164014.0
008 180408b bul|||||r ||||||| ||bul||
010 _aKNG00096261000
020 _a978-954-92263-7-9
_bиздат.: Агенция Ню импрес
040 _aBLK
041 _aBUL
_cBUL
080 _aАмериканска литература (на САЩ)
_b821.111(73)
_x-93-322.4
_z821.111(73)-93-322.4
100 1 _aСтайн, Робърт Лорънс
_eпърви автор
_9369934
700 1 _aЩерева, Елена Методиева
_eпрев.
_9302989
139 _aСтайн, Робърт Лорънс
_bС 62
245 1 0 _aДобре дошли в мъртвата къща
_bЗабавен трилър за деца
_cРобърт Лорънс Стайн; прев. Елена Методиева Щерева.
257 _aUSA
260 София
_bАгенция Ню импрес
_c2009
_fСофия : Симолини-94
300 _a132 с.
_c20 см
380 _aDX
490 1 _aПоредица Goosebumps
500 _aОриг. загл. Welcome To Dead House. - Офс. изд.
653 _aлитература за деца
653 _aдетска литература
852 _aЦб 248201
856 4 _qpdf
_u
856 4 _qpdf
_u
942 _cKNG
_n0
_029
944 _aCR
_c25.05.2010
_lБояна Костадинова
_k30551
944 _aED
_c29.12.2014
_lф /
_kЛюдмила_Стоянова
999 _c91504
_d91504